Numerical methods in matrix computations / (Record no. 22681)

MARC details
000 -LEADER
fixed length control field 00899cam a2200289 i 4500
001 - CONTROL NUMBER
control field 18188958
003 - CONTROL NUMBER IDENTIFIER
control field EG-ScBUE
005 - DATE AND TIME OF LATEST TRANSACTION
control field 20240919140819.0
008 - FIXED-LENGTH DATA ELEMENTS--GENERAL INFORMATION
fixed length control field 140616s2015 gw a f b 001 0 eng d
020 ## - INTERNATIONAL STANDARD BOOK NUMBER
International Standard Book Number 9783319050881
040 ## - CATALOGING SOURCE
Original cataloging agency DLC
Language of cataloging eng
Description conventions rda
Transcribing agency DLC
Modifying agency DLC
-- EG-ScBUE
082 04 - DEWEY DECIMAL CLASSIFICATION NUMBER
Edition number 22
Classification number 512.9434
Item number BJÖ
100 1# - MAIN ENTRY--PERSONAL NAME
Personal name Björck, Åke,
Dates associated with a name 1934-
Relator term author.
245 10 - TITLE STATEMENT
Title Numerical methods in matrix computations /
Statement of responsibility, etc Åke Björck.
264 #1 - PUBLICATION, DISTRIBUTION, ETC. (IMPRINT)
Place of publication, distribution, etc Cham :
Name of publisher, distributor, etc Springer,
Date of publication, distribution, etc [2015]
264 #4 - PUBLICATION, DISTRIBUTION, ETC. (IMPRINT)
Date of publication, distribution, etc c2015
300 ## - PHYSICAL DESCRIPTION
Extent xvi, 800 pages :
Other physical details illustrations ;
Dimensions 24 cm.
336 ## - CONTENT TYPE
Source rdacontent
Content type term text
Content type code txt
337 ## - MEDIA TYPE
Media type term unmediated
Source rdamedia
Media type code n
338 ## - CARRIER TYPE
Carrier type term volume
Carrier type code nc
Source rdacarrier
490 0# - SERIES STATEMENT
Series statement Texts in applied mathematics ;
Volume number/sequential designation 59
504 ## - BIBLIOGRAPHY, ETC. NOTE
Bibliography, etc Includes bibliographical references and index.<br/>
650 #7 - SUBJECT ADDED ENTRY--TOPICAL TERM
Source of heading or term BUEsh
9 (RLIN) 7107
Topical term or geographic name as entry element Matrices.
653 ## - INDEX TERM--UNCONTROLLED
Resource For college Engineering, Electrical
Arrived date list October2016
655 ## - INDEX TERM--GENRE/FORM
Form subdivision Reading book
942 ## - ADDED ENTRY ELEMENTS (KOHA)
Source of classification or shelving scheme Dewey Decimal Classification
Koha item type Book - Borrowing
Holdings
Withdrawn status Lost status Source of classification or shelving scheme Damaged status Not for loan Collection code Home library Current library Shelving location Date acquired Source of acquisition Cost, normal purchase price Serial Enumeration / chronology Total Checkouts Full call number Barcode Date last seen Cost, replacement price Price effective from Koha item type
    Dewey Decimal Classification     Academic Bookshop Central Library Central Library First floor 18/10/2016 Purchase 880.00 9155   512.9434 BJO 000034322 15/07/2025 1100.00 18/10/2016 Book - Borrowing